000 00783nam a2200229 a 4500
999 _c10968
_d10968
001 10968
003 BD-JhCC
005 20190708131002.0
008 190608s20142015bg |||| |||| 000 0 ben d
020 _a9789849066279
035 _a(BD-JhCC)10968
040 _aBD-JhCC
_dBD-JhCC
041 _aben
082 _a954.92
_bROF 2015
100 _aরফিক, আহমদ
245 _aদেশবিভাগ : ফিরে দেখা /
_cআহমদ রফিক,
260 _aঢাকা :
_bঅনিন্দ্য প্রকাশ,
_c২০১৫
300 _a৪৮৩ পৃ. :
_c২০ সেমি.
504 _aনিঘন্ট ও গ্রন্থপঞ্জি অর্ন্তভূক্ত
650 _zBangladesh
_aHistory
942 _2ddc
_cBK